MARC

LEADER 00000nam0a2200000 4500
001 240978
005 20231101231759.0
010 |a 5217004681 
020 |a RU  |b 89-41669 
035 |a (RuTPU)RU\TPU\book\262242 
090 |a 240978 
100 |a 20130628d1989 k a0rusy5003 ca 
101 0 |a rus 
102 |a RU 
105 |a a z 001zy 
200 1 |a Стохастические вычислительные устройства систем моделирования  |f В. Н. Четвериков, Э. А. Баканович 
210 |a Москва  |c Машиностроение  |d 1989 
215 |a 271,[1] с.  |c ил.  |d 22 см 
320 |a Библиогр.: с. 266-270 (111 назв.) 
606 1 |a Электронные вычислительные машины  |x Общие вопросы  |2 stltpush  |3 (RuTPU)RU\TPU\subj\68012  |9 83566 
606 1 |a Стохастические системы  |x Автоматика  |2 stltpush  |3 (RuTPU)RU\TPU\subj\57115  |9 74979 
610 1 |a вычислительные машины 
610 1 |a Вычислительные машины электронные стохастические 
610 1 |a стохастические машины 
610 1 |a моделирование 
610 1 |a применение 
610 1 |a преобразователи 
610 1 |a модели 
610 1 |a синтез 
610 1 |a имитация 
610 1 |a стохастические компоненты 
675 |a 681.51.01:681.3  |z rus 
700 1 |a Четвериков  |b В. Н.  |g Владимир Николаевич  |4 070 
701 1 |a Баканович  |b Э. А.  |g Эдуард Анатольевич  |4 070 
801 0 |a RU  |b RuMRKP  |c 19950417  |g psbo 
801 1 |a RU  |b 63413507  |c 20130628 
801 2 |a RU  |b 63413507  |c 20191031  |g RCR 
942 |c BK